000
00301nam a22001337a 4500
008
170220b xxu||||| |||| 00| 0 eng d
020
_a
9780941174152
041
_a
eng
080
_2
10TH
_a
615
100
_a
5
101
_a
SHF
245
_a
PHARMACY CERTIFIED TECHNICIAN
_c
LILE, J.M
942
_2
udc
_c
BK
999
_c
5856
_d
5856